[Event "Mitropa Cup (Women)"]
[Site "Trencin"]
[Date "2025.05.19"]
[Round "6.4"]
[White "Jaksa, Ema"]
[Black "Sankova, Stella"]
[Result "1/2-1/2"]
[WhiteElo "1832"]
[BlackElo "2027"]
[PlyCount "77"]
[EventDate "2025.05.14"]
[EventType "team-tourn"]
[EventRounds "9"]
[EventCountry "SVK"]
[SourceTitle "CB22_2025"]
[SourceDate "2025.05.28"]
[SourceVersion "1"]
[SourceVersionDate "2025.05.28"]
[SourceQuality "1"]
[WhiteTeam "Slovenia (W)"]
[BlackTeam "Slovakia (W)"]
[WhiteTeamCountry "SLO"]
[BlackTeamCountry "SVK"]

1. e4 c5 2. Nf3 d6 3. d4 cxd4 4. Qxd4 Nc6 5. Qd3 g6 6. Nc3 Bg7 7. Be2 Nf6 8. 0-0 0-0 9. Nd5 Be6 10. c3 Rc8 11. Bg5 Bxd5 12. exd5 Na5 13. Rad1 Nc4 14. Qd4 Nb6 15. Bxf6 Bxf6 16. Qe4 Rc5 17. h4 Ra5 18. a3 Ra4 19. Nd4 a6 20. h5 Qc7 21. hxg6 hxg6 22. Rd3 Qc5 23. Bf3 Bxd4 24. Rxd4 Rxd4 25. cxd4 Qc7 26. Re1 Re8 27. Qh4 Kg7 28. Qg5 Na4 29. Be4 Nxb2 30. Bxg6 fxg6 31. Re6 Qc2 32. Rxe7+ Rxe7 33. Qxe7+ Kg8 34. Qe8+ Kh7 35. Qe7+ Kh6 36. Qh4+ Kg7 37. Qe7+ Kh8 38. Qe8+ Kh7 39. Qe7+ 1/2-1/2

[Event "Mitropa Cup (Women)"]
[Site "Trencin"]
[Date "2025.05.16"]
[Round "3.4"]
[White "Hakimifard, Ghazal"]
[Black "Sankova, Stella"]
[Result "1-0"]
[WhiteElo "2200"]
[BlackElo "2027"]
[PlyCount "69"]
[EventDate "2025.05.14"]
[EventType "team-tourn"]
[EventRounds "9"]
[EventCountry "SVK"]
[SourceTitle "CB22_2025"]
[SourceDate "2025.05.28"]
[SourceVersion "1"]
[SourceVersionDate "2025.05.28"]
[SourceQuality "1"]
[WhiteTeam "Switzerland (W)"]
[BlackTeam "Slovakia (W)"]
[WhiteTeamCountry "SUI"]
[BlackTeamCountry "SVK"]

1. e4 e6 2. d4 d5 3. Nd2 c5 4. exd5 Qxd5 5. Ngf3 cxd4 6. Bc4 Qd6 7. 0-0 Nf6 8. Nb3 Nc6 9. Nbxd4 Nxd4 10. Nxd4 Be7 11. c3 0-0 12. Qf3 Qc7 13. Bb3 a5 14. a4 Bd7 15. Re1 Qb6 16. Bg5 h6 17. Be3 Bc5 18. Bc4 Rac8 19. b3 e5 20. Nf5 Bxe3 21. Ne7+ Kh8 22. Nxc8 Rxc8 23. Qxe3 Rc5 24. h3 Qc7 25. Bxf7 e4 26. Rad1 Rxc3 27. Qd4 Rc5 28. Qd6 Qc8 29. Qe7 Rg5 30. Be6 Bxe6 31. Rd8+ Qxd8 32. Qxd8+ Kh7 33. Re3 Nd5 34. Rxe4 Bxh3 35. Qxg5 1-0

[Event "SVK-chT rapid"]
[Site "Poprad"]
[Date "2025.05.04"]
[Round "2.14"]
[White "Sokol, Lubomir"]
[Black "Sankova, Stella"]
[Result "1/2-1/2"]
[WhiteElo "2170"]
[BlackElo "1984"]
[PlyCount "71"]
[EventDate "2025.05.04"]
[EventType "team-swiss (rapid)"]
[EventRounds "7"]
[EventCountry "SVK"]
[SourceTitle "CB19_2025"]
[SourceDate "2025.05.07"]
[SourceVersion "1"]
[SourceVersionDate "2025.05.07"]
[SourceQuality "1"]

1. e3 d5 2. b3 Nf6 3. Bb2 Bf5 4. Nf3 e6 5. Be2 h6 6. d3 Be7 7. Nbd2 0-0 8. Ne5 Nbd7 9. f4 Nxe5 10. Bxe5 Nd7 11. Bb2 Bh7 12. 0-0 Bc5 13. Rf3 Re8 14. d4 Be7 15. Nf1 c5 16. Bd3 Nf6 17. Bxh7+ Kxh7 18. Ng3 Rc8 19. Qd3+ Kh8 20. f5 c4 21. Qd2 Bd6 22. fxe6 Rxe6 23. Nf5 Ne4 24. Qe1 c3 25. Bc1 Rf6 26. Qh4 Qd7 27. Nxd6 Qxd6 28. Rxf6 Nxf6 29. a4 Re8 30. Ba3 Qe6 31. Re1 Qf5 32. Qf2 Qg6 33. h3 Ne4 34. Qf4 Ng5 35. Kh2 Qe6 36. h4 1/2-1/2

[Event "SVK-ch rapid"]
[Site "Poprad"]
[Date "2025.05.03"]
[Round "6"]
[White "Borosova, Zuzana"]
[Black "Sankova, Stella"]
[Result "1/2-1/2"]
[WhiteElo "2263"]
[BlackElo "1984"]
[PlyCount "116"]
[EventDate "2025.05.03"]
[EventType "swiss (rapid)"]
[EventRounds "7"]
[EventCountry "SVK"]
[SourceTitle "CB19_2025"]
[SourceDate "2025.05.07"]
[SourceVersion "1"]
[SourceVersionDate "2025.05.07"]
[SourceQuality "1"]

1. e4 c5 2. Nf3 e6 3. d4 cxd4 4. Nxd4 Nf6 5. Nc3 Nc6 6. Ndb5 Bb4 7. a3 Bxc3+ 8. Nxc3 d5 9. exd5 exd5 10. Bd3 0-0 11. 0-0 d4 12. Ne2 Bg4 13. f3 Bh5 14. Bg5 Qd6 15. Nf4 Bg6 16. Nxg6 hxg6 17. Qd2 Rfe8 18. Rae1 a6 19. Bh4 Ne5 20. Bf2 Rad8 21. Rd1 Qd5 22. Rfe1 Nc6 23. Rxe8+ Rxe8 24. Bf1 Rd8 25. a4 Qe5 26. Bc4 Qc5 27. Bd3 Qd5 28. b3 Qe5 29. Re1 Qd6 30. Bg3 Qd7 31. Re2 Re8 32. Qe1 Rxe2 33. Qxe2 Kf8 34. Bf2 Qd6 35. Bg3 Qd7 36. Bc4 Na5 37. Bf2 Nc6 38. g3 Qd6 39. Kg2 Qd7 40. Bd3 Qd5 41. Bc4 Qd6 42. Qd2 Qe5 43. Bd3 Qd6 44. Be2 Qe5 45. f4 Qd6 46. Bf3 Qd7 47. Kg1 Qh3 48. Qe2 Qd7 49. Qc4 Qe8 50. Bxc6 bxc6 51. Qxd4 Qe2 52. Qc5+ Kg8 53. Qxc6 Ne4 54. Qb6 Qd1+ 55. Kg2 Qxc2 56. b4 Nxf2 57. Qxf2 Qxa4 58. Qd4 Qc2+ 1/2-1/2

[Event "SVK-ch rapid"]
[Site "Poprad"]
[Date "2025.05.03"]
[Round "3"]
[White "Druska, Juraj"]
[Black "Sankova, Stella"]
[Result "1-0"]
[WhiteElo "2416"]
[BlackElo "1984"]
[PlyCount "65"]
[EventDate "2025.05.03"]
[EventType "swiss (rapid)"]
[EventRounds "7"]
[EventCountry "SVK"]
[SourceTitle "CB19_2025"]
[SourceDate "2025.05.07"]
[SourceVersion "1"]
[SourceVersionDate "2025.05.07"]
[SourceQuality "1"]

1. e4 c5 2. Nf3 e6 3. b3 b6 4. Bb2 Bb7 5. Qe2 d6 6. Nc3 Nf6 7. 0-0-0 Be7 8. d4 cxd4 9. Nxd4 Nbd7 10. f3 a6 11. g4 Qc7 12. Kb1 h6 13. h4 d5 14. exd5 Nxd5 15. Nxd5 Bxd5 16. Nf5 Nf6 17. Nxe7 Qxe7 18. Bg2 Qb7 19. Rd2 0-0-0 20. Rhd1 b5 21. Qe3 Qc6 22. Be5 h5 23. Rd3 b4 24. Qa7 Nd7 25. Bxg7 Rhg8 26. Bb2 Nc5 27. Qxf7 Nxd3 28. cxd3 Kb8 29. Qxh5 Bxf3 30. Rc1 Qd5 31. Bxf3 Qxf3 32. Qe5+ Ka8 33. Qxe6 1-0

[Event "SVK-chT rapid"]
[Site "Poprad"]
[Date "2025.??.??"]
[Round "7.26"]
[White "Sankova, Stella"]
[Black "Ambrozi, Peter"]
[Result "1/2-1/2"]
[WhiteElo "1984"]
[BlackElo "1905"]
[PlyCount "47"]
[EventDate "2025.05.04"]
[EventType "team-swiss (rapid)"]
[EventRounds "7"]
[EventCountry "SVK"]
[SourceTitle "CB19_2025"]
[SourceDate "2025.05.07"]
[SourceVersion "1"]
[SourceVersionDate "2025.05.07"]
[SourceQuality "1"]

1. e4 c5 2. Nc3 Nc6 3. f4 e6 4. Nf3 a6 5. g3 d5 6. Bg2 Nf6 7. e5 d4 8. exf6 dxc3 9. fxg7 cxd2+ 10. Bxd2 Bxg7 11. c3 Qd3 12. Qe2 Qxe2+ 13. Kxe2 0-0 14. Be3 e5 15. fxe5 c4 16. Kf2 Bg4 17. Rhe1 Bxf3 18. Bxf3 Nxe5 19. Be4 Ng4+ 20. Kg2 Nxe3+ 21. Rxe3 Rad8 22. Re2 b5 23. Rf1 Rd6 24. Rfe1 1/2-1/2

[Event "SVK-chT2C 2425"]
[Site "Slovakia"]
[Date "2024.12.01"]
[Round "4.2"]
[White "Lukac, Roman"]
[Black "Sankova, Stella"]
[Result "1-0"]
[WhiteElo "2021"]
[BlackElo "2052"]
[PlyCount "49"]
[EventDate "2024.11.09"]
[EventType "team-tourn"]
[EventRounds "11"]
[EventCountry "SVK"]
[SourceTitle "CB51_2024"]
[SourceDate "2024.12.18"]
[SourceVersion "1"]
[SourceVersionDate "2024.12.18"]
[SourceQuality "1"]
[WhiteTeam "Banska Bystrica PSK"]
[BlackTeam "Zilina Mladost"]
[WhiteTeamCountry "SVK"]
[BlackTeamCountry "SVK"]

1. e4 c5 2. Nf3 d6 3. d4 cxd4 4. Nxd4 Nf6 5. Nc3 a6 6. h3 e5 7. Nde2 Be6 8. g4 h6 9. Bg2 Be7 10. Be3 Nbd7 11. Qd2 Qc7 12. 0-0 0-0 13. Rac1 b5 14. Ng3 Rfd8 15. b3 Nf8 16. Nd5 Nxd5 17. exd5 Bd7 18. c4 bxc4 19. Rxc4 Qb7 20. Bxh6 Bb5 21. Bxg7 Ng6 22. Nh5 f6 23. Qh6 Kf7 24. Be4 Nf4 25. Nxf4 1-0

[Event "Kremnica op"]
[Site "Kremnica"]
[Date "2024.08.18"]
[Round "7"]
[White "Sankova, Stella"]
[Black "Maciusiak, Joanna"]
[Result "1-0"]
[WhiteElo "2057"]
[BlackElo "1690"]
[PlyCount "125"]
[EventDate "2024.08.15"]
[EventType "swiss"]
[EventRounds "7"]
[EventCountry "SVK"]
[SourceTitle "CBM 221 Extra"]
[Source "ChessBase"]
[SourceDate "2024.09.30"]
[SourceVersion "1"]
[SourceVersionDate "2024.09.30"]
[SourceQuality "1"]

1. e4 c5 2. Nf3 e6 3. g3 Nc6 4. Bg2 d5 5. exd5 exd5 6. d4 Nf6 7. 0-0 Be7 8. Nc3 0-0 9. Be3 cxd4 10. Nxd4 a6 11. Re1 Bg4 12. Qd2 Bb4 13. f3 Bh5 14. a3 Bxc3 15. Qxc3 Ne5 16. b3 Rc8 17. Qd2 Bg6 18. Bh3 Rc5 19. Rac1 Nh5 20. f4 Nf6 21. fxe5 Ne4 22. Qe2 Nc3 23. Qg4 Rc7 24. Ne2 Nxe2+ 25. Rxe2 Qe7 26. Bg2 Qxe5 27. Qd4 Qe7 28. Rf2 Qxa3 29. Bxd5 Re7 30. Qc5 Qxc5 31. Bxc5 Rd7 32. Bxf8 Rxd5 33. Bb4 h6 34. Rd2 Rb5 35. Bc3 Rc5 36. Bd4 Rc7 37. c4 Be4 38. Re1 Bc6 39. Bb6 Rc8 40. Rd8+ Rxd8 41. Bxd8 Kh7 42. Kf2 Kg6 43. Ke3 Kh5 44. Rf1 f6 45. Rf4 Kg5 46. b4 Kh5 47. b5 axb5 48. cxb5 Bg2 49. h4 g5 50. Rxf6 gxh4 51. gxh4 Kxh4 52. Rxh6+ Kg4 53. Rg6+ Kh3 54. Rxg2 Kxg2 55. Kd4 Kf3 56. Kc5 Ke4 57. Kb6 Kd5 58. Kxb7 Kd6 59. b6 Kd7 60. Ka8 Kxd8 61. b7 Kd7 62. b8Q Ke6 63. Qf4 1-0

[Event "Kremnica op"]
[Site "Kremnica"]
[Date "2024.08.15"]
[Round "1"]
[White "Sankova, Stella"]
[Black "Herko, Lubomir"]
[Result "1-0"]
[WhiteElo "2057"]
[BlackElo "1677"]
[PlyCount "57"]
[EventDate "2024.08.15"]
[EventType "swiss"]
[EventRounds "7"]
[EventCountry "SVK"]
[SourceTitle "CBM 221 Extra"]
[Source "ChessBase"]
[SourceDate "2024.09.30"]
[SourceVersion "1"]
[SourceVersionDate "2024.09.30"]
[SourceQuality "1"]

1. e4 c5 2. Nc3 Nc6 3. f4 d6 4. Nf3 g6 5. Bb5 Bd7 6. 0-0 Bg7 7. d3 a6 8. Bxc6 Bxc6 9. Qe1 Nf6 10. Kh1 b5 11. Bd2 b4 12. Nd1 a5 13. a3 e5 14. fxe5 dxe5 15. Nxe5 Bb7 16. Bg5 h6 17. Bh4 g5 18. Bg3 Qe7 19. Nc4 Ra6 20. axb4 axb4 21. Rxa6 Bxa6 22. Nd6+ Kd7 23. e5 Rf8 24. exf6 Bxf6 25. Qf2 b3 26. cxb3 Bxd3 27. Re1 Qd8 28. Qxc5 Qa8 29. Nxf7 1-0

[Event "SVK-ch (Women)"]
[Site "Bratislava"]
[Date "2024.06.20"]
[Round "7"]
[White "Sevcikova, Lucia"]
[Black "Sankova, Stella"]
[Result "1-0"]
[WhiteElo "2032"]
[BlackElo "2073"]
[PlyCount "65"]
[EventDate "2024.06.14"]
[EventType "tourn"]
[EventRounds "9"]
[EventCountry "SVK"]
[SourceTitle "CBM 220 Extra"]
[Source "ChessBase"]
[SourceDate "2024.07.31"]
[SourceVersion "1"]
[SourceVersionDate "2024.07.31"]
[SourceQuality "1"]

1. d4 d5 2. c4 c6 3. Nf3 Nf6 4. e3 e6 5. b3 Ne4 6. Bd3 Bb4+ 7. Nfd2 f5 8. 0-0 0-0 9. f3 Nf6 10. Bb2 Nbd7 11. cxd5 Nxd5 12. Qe2 Qc7 13. f4 b6 14. Nf3 Bb7 15. a3 Be7 16. Nbd2 Rac8 17. g3 c5 18. e4 fxe4 19. Qxe4 N7f6 20. Qxe6+ Kh8 21. Ne5 cxd4 22. Ndf3 Bd6 23. Qh3 Kg8 24. Ng5 g6 25. Ne6 Qe7 26. Nxf8 Rxf8 27. Rfe1 Bc8 28. Qh6 Bxe5 29. Rxe5 Qb7 30. Bc4 Rd8 31. Rae1 Kh8 32. Bxd4 b5 33. Re8+ 1-0

[Event "SVK-ch (Women)"]
[Site "Bratislava"]
[Date "2024.06.19"]
[Round "6"]
[White "Sankova, Stella"]
[Black "Milcova, Zuzana"]
[Result "1-0"]
[WhiteElo "2073"]
[BlackElo "2086"]
[PlyCount "73"]
[EventDate "2024.06.14"]
[EventType "tourn"]
[EventRounds "9"]
[EventCountry "SVK"]
[SourceTitle "CBM 220 Extra"]
[Source "ChessBase"]
[SourceDate "2024.07.31"]
[SourceVersion "1"]
[SourceVersionDate "2024.07.31"]
[SourceQuality "1"]

1. e4 c6 2. d4 d5 3. exd5 cxd5 4. Bd3 Nc6 5. c3 Qc7 6. Ne2 Bg4 7. f3 Bd7 8. Bf4 e5 9. dxe5 Nxe5 10. Bc2 Bd6 11. 0-0 Nf6 12. Kh1 0-0-0 13. a4 Nc4 14. Bxd6 Qxd6 15. Qd4 Rhe8 16. Re1 Re5 17. Nd2 Qe6 18. b3 Nxd2 19. Qxd2 Re8 20. Bd3 g5 21. Ra2 g4 22. Rg1 Re3 23. Nd4 Qe5 24. Nc2 Nh5 25. Rd1 gxf3 26. Nxe3 Qxe3 27. Qxe3 fxg2+ 28. Rxg2 Rxe3 29. Rf2 Rh3 30. Kg1 f6 31. Bf5 Bxf5 32. Rxf5 Rh4 33. Rd4 Rxd4 34. cxd4 Ng7 35. Rxf6 h5 36. Rf8+ Kd7 37. Rf7+ 1-0

[Event "Mitropa Cup (Women)"]
[Site "Apolda"]
[Date "2024.02.19"]
[Round "5.6"]
[White "Sankova, Stella"]
[Black "Shpanko, Nadiia"]
[Result "0-1"]
[WhiteElo "2096"]
[BlackElo "2179"]
[PlyCount "50"]
[EventDate "2024.02.15"]
[EventType "team-tourn"]
[EventRounds "9"]
[EventCountry "GER"]
[SourceTitle "CBM 218 Extra"]
[Source "ChessBase"]
[SourceDate "2024.03.31"]
[SourceVersion "1"]
[SourceVersionDate "2024.03.31"]
[SourceQuality "1"]
[WhiteTeam "Slovakia (W)"]
[BlackTeam "Slovenia (W)"]
[WhiteTeamCountry "SVK"]
[BlackTeamCountry "SLO"]

1. e4 e5 2. Nf3 Nf6 3. Nxe5 d6 4. Nf3 Nxe4 5. Nc3 Nxc3 6. dxc3 Be7 7. Be3 c6 8. Qd2 0-0 9. 0-0-0 Nd7 10. Kb1 d5 11. h4 Nc5 12. Ng5 h6 13. f3 Re8 14. g4 Ne6 15. Nxe6 Bxe6 16. Bd3 Bf8 17. Rdg1 Qa5 18. Bf5 d4 19. Bxe6 dxe3 20. Bxf7+ Kxf7 21. Qd7+ Re7 22. Qd3 Qd5 23. Qh7 e2 24. g5 Qxf3 25. gxh6 Qxh1 0-1

[Event "SVK-chT1E 2223"]
[Site "Slovakia"]
[Date "2023.12.17"]
[Round "6.3"]
[White "Sankova, Stella"]
[Black "Panko, Eduard1"]
[Result "1/2-1/2"]
[WhiteElo "2124"]
[BlackElo "2069"]
[PlyCount "36"]
[EventDate "2023.10.21"]
[EventType "team-tourn"]
[EventRounds "11"]
[EventCountry "SVK"]
[SourceTitle "EXT 2025"]
[Source "ChessBase"]
[SourceDate "2024.10.14"]
[SourceVersion "1"]
[SourceVersionDate "2024.10.14"]
[SourceQuality "1"]
[WhiteTeam "Zvolen Slavia"]
[BlackTeam "Stropkov/Svidnik"]
[WhiteTeamCountry "SVK"]
[BlackTeamCountry "SVK"]

1. e4 Nf6 2. e5 Nd5 3. d4 d6 4. Nf3 g6 5. Bc4 c6 6. 0-0 Bg7 7. Re1 0-0 8. h3 dxe5 9. Nxe5 Nd7 10. Qf3 Nxe5 11. dxe5 Be6 12. Nd2 Qc7 13. Qg3 b5 14. Bb3 c5 15. c3 a5 16. Nf3 a4 17. Bc2 a3 18. Ng5 Ra6 1/2-1/2

[Event "SVK-chT1E 2223"]
[Site "Slovakia"]
[Date "2022.10.15"]
[Round "1.4"]
[White "Panek, Bartosz"]
[Black "Sankova, Stella"]
[Result "1/2-1/2"]
[WhiteElo "2159"]
[BlackElo "2074"]
[PlyCount "104"]
[EventDate "2022.10.15"]
[EventType "team-tourn"]
[EventRounds "11"]
[EventCountry "SVK"]
[SourceTitle "EXT 2024"]
[Source "ChessBase"]
[SourceDate "2023.10.10"]
[SourceVersion "1"]
[SourceVersionDate "2023.10.10"]
[SourceQuality "1"]
[WhiteTeam "Cadca"]
[BlackTeam "Zvolen Slavia"]
[WhiteTeamCountry "SVK"]
[BlackTeamCountry "SVK"]

1. e4 c5 2. Nf3 d6 3. c3 Nf6 4. Bc4 Bd7 5. e5 dxe5 6. Nxe5 e6 7. Nxd7 Qxd7 8. d4 Nc6 9. dxc5 Qxd1+ 10. Kxd1 0-0-0+ 11. Ke2 Bxc5 12. b4 Bb6 13. a4 a5 14. Bb5 Rd5 15. Be3 Re5 16. Bxc6 bxc6 17. Nd2 Bxe3 18. fxe3 axb4 19. cxb4 Kc7 20. Ra3 Rb8 21. Rb1 Rh5 22. Nf3 Ne4 23. Rab3 Rd5 24. Rc1 Kd7 25. Nd4 Rb6 26. g4 e5 27. Nf3 Nc5 28. Rbb1 Nxa4 29. Rc4 f6 30. g5 Rb7 31. gxf6 gxf6 32. Rg1 Rd6 33. Nd2 f5 34. Rh4 Ke6 35. Nf3 Nc3+ 36. Ke1 Rd1+ 37. Kf2 Rxg1 38. Kxg1 Ne4 39. Kf1 Rxb4 40. Rxh7 Rb1+ 41. Ke2 Rb2+ 42. Kd3 Nf6 43. Ng5+ Kd5 44. Rf7 Rg2 45. Rxf6 Rxg5 46. Rf8 Rh5 47. Rd8+ Kc5 48. Rf8 e4+ 49. Kc3 Kd5 50. h4 Ke6 51. Re8+ Kf7 52. Rc8 Rxh4 1/2-1/2

[Event "Antwerp World Uni op (Women)"]
[Site "Antwerp"]
[Date "2022.09.17"]
[Round "9"]
[White "Tsivelekidou, Evgenia"]
[Black "Sankova, Stella"]
[Result "0-1"]
[WhiteElo "1943"]
[BlackElo "2067"]
[PlyCount "106"]
[EventDate "2022.09.12"]
[EventType "swiss"]
[EventRounds "9"]
[EventCountry "BEL"]
[SourceTitle "CBM 210 Extra"]
[Source "ChessBase"]
[SourceDate "2022.11.30"]
[SourceVersion "1"]
[SourceVersionDate "2022.11.30"]
[SourceQuality "1"]

1. d4 Nf6 2. c4 e6 3. g3 d5 4. Bg2 Bb4+ 5. Bd2 Be7 6. Nf3 c6 7. 0-0 dxc4 8. a4 0-0 9. Qc2 b6 10. Bg5 Ba6 11. Rd1 h6 12. Bxf6 Bxf6 13. Ne5 Qc7 14. f4 Nd7 15. Na3 Nxe5 16. dxe5 Be7 17. Nxc4 Rfd8 18. b3 Rac8 19. Rxd8+ Rxd8 20. Rd1 b5 21. Nd6 bxa4 22. bxa4 Bxd6 23. exd6 Rxd6 24. Rc1 Qb6+ 25. Kh1 Qe3 26. Rb1 g6 27. Qb2 Qd4 28. Qxd4 Rxd4 29. Rb8+ Kg7 30. Bxc6 Bxe2 31. Kg1 Rd6 32. Be8 Rb6 33. Rc8 Rb7 34. Bc6 Re7 35. Kf2 Ba6 36. Rb8 Rc7 37. Bb5 Bb7 38. a5 a6 39. Bd3 Kf6 40. g4 e5 41. fxe5+ Kxe5 42. Rh8 Kf4 43. h3 Kg5 44. Rb8 Rd7 45. Be2 Kf4 46. Rh8 Rd2 47. Ke1 Ra2 48. Rf8 Bd5 49. Bxa6 Rxa5 50. Be2 Ke3 51. Re8+ Be6 52. Re7 Ra2 53. Bd1 Rh2 0-1

[Event "Antwerp World Uni op (Women)"]
[Site "Antwerp"]
[Date "2022.09.16"]
[Round "8"]
[White "Arnhold, Steffi"]
[Black "Sankova, Stella"]
[Result "1-0"]
[WhiteElo "2121"]
[BlackElo "2067"]
[PlyCount "49"]
[EventDate "2022.09.12"]
[EventType "swiss"]
[EventRounds "9"]
[EventCountry "BEL"]
[SourceTitle "CBM 210 Extra"]
[Source "ChessBase"]
[SourceDate "2022.11.30"]
[SourceVersion "1"]
[SourceVersionDate "2022.11.30"]
[SourceQuality "1"]

1. e4 c5 2. Nf3 d6 3. d4 cxd4 4. Nxd4 Nf6 5. Nc3 a6 6. Bg5 Nbd7 7. Bc4 Qc7 8. Bb3 b5 9. a4 b4 10. Nd5 Nxd5 11. exd5 h6 12. Bh4 Bb7 13. 0-0 Nb6 14. Re1 0-0-0 15. c3 bxc3 16. Rc1 Kb8 17. Rxc3 Qd7 18. Nc6+ Bxc6 19. dxc6 Qc7 20. a5 Nc8 21. Qd3 g5 22. Qxa6 gxh4 23. Bd5 Na7 24. Rb3+ Ka8 25. Rb7 1-0

[Event "Antwerp World Uni blitz op (Women)"]
[Site "Antwerp"]
[Date "2022.09.14"]
[Round "6"]
[White "Paktinat, Zhina"]
[Black "Sankova, Stella"]
[Result "1-0"]
[WhiteElo "1674"]
[BlackElo "1869"]
[PlyCount "79"]
[EventDate "2022.09.14"]
[EventType "swiss (blitz)"]
[EventRounds "9"]
[EventCountry "BEL"]
[SourceTitle "CBM 210 Extra"]
[Source "ChessBase"]
[SourceDate "2022.11.30"]
[SourceVersion "1"]
[SourceVersionDate "2022.11.30"]
[SourceQuality "1"]

1. e4 c5 2. c3 g6 3. d4 cxd4 4. cxd4 d5 5. e5 Bg7 6. Nf3 Nh6 7. Bd3 Nc6 8. Nc3 Bg4 9. Be3 0-0 10. h3 Bxf3 11. Qxf3 e6 12. 0-0 f6 13. exf6 Rxf6 14. Qe2 Qd7 15. Rad1 Nf5 16. Bxf5 Rxf5 17. f3 Rff8 18. Rfe1 Rae8 19. Qd2 Bf6 20. Bf2 Qg7 21. Na4 b6 22. Nc3 Na5 23. b3 Qd7 24. Ne2 Rc8 25. Rc1 Nc6 26. Nf4 Rfe8 27. Red1 Be7 28. Nd3 Bf6 29. Nb4 Qd6 30. Nxc6 Rxc6 31. Rxc6 Qxc6 32. Rc1 Qd6 33. Qc3 Bg5 34. Rc2 Qf4 35. Re2 Bf6 36. g3 Qf5 37. Kg2 e5 38. dxe5 Bxe5 39. Qd2 Qd7 40. f4 1-0

[Event "Antwerp World Uni blitz op (Women)"]
[Site "Antwerp"]
[Date "2022.09.14"]
[Round "9"]
[White "Sankova, Stella"]
[Black "Nabacwa, Allen Kyolaba"]
[Result "0-1"]
[WhiteElo "1869"]
[BlackElo "1516"]
[PlyCount "70"]
[EventDate "2022.09.14"]
[EventType "swiss (blitz)"]
[EventRounds "9"]
[EventCountry "BEL"]
[SourceTitle "CBM 210 Extra"]
[Source "ChessBase"]
[SourceDate "2022.11.30"]
[SourceVersion "1"]
[SourceVersionDate "2022.11.30"]
[SourceQuality "1"]

1. e4 c5 2. Nc3 Nc6 3. f4 e6 4. Nf3 Nf6 5. Bb5 Be7 6. Bxc6 bxc6 7. 0-0 d5 8. e5 Nd7 9. d3 d4 10. Ne4 0-0 11. b3 f5 12. Ned2 Nb6 13. a4 Nd5 14. Nc4 a5 15. Ba3 Ba6 16. Qd2 Bxc4 17. bxc4 Ne3 18. Rfb1 h5 19. Rb7 Rf7 20. Rab1 Kh7 21. Bxc5 Ng4 22. Ng5+ Bxg5 23. Rxf7 Bh6 24. Rbb7 Rb8 25. Bd6 Rxb7 26. Rxb7 Ne3 27. g3 h4 28. Qe2 Ng4 29. Rb1 hxg3 30. hxg3 Kg6 31. Kg2 Ne3+ 32. Kf3 Ng4 33. Bc5 Qd7 34. Bb6 c5 35. Bxc5 Qc6+ 0-1

[Event "Antwerp World Uni op (Women)"]
[Site "Antwerp"]
[Date "2022.09.14"]
[Round "5"]
[White "Sankova, Stella"]
[Black "Terbe, Zsuzsanna"]
[Result "1/2-1/2"]
[WhiteElo "2067"]
[BlackElo "2196"]
[PlyCount "35"]
[EventDate "2022.09.12"]
[EventType "swiss"]
[EventRounds "9"]
[EventCountry "BEL"]
[SourceTitle "CBM 210 Extra"]
[Source "ChessBase"]
[SourceDate "2022.11.30"]
[SourceVersion "1"]
[SourceVersionDate "2022.11.30"]
[SourceQuality "1"]

1. e4 c5 2. Nc3 Nc6 3. f4 g6 4. Nf3 Bg7 5. Bb5 Nd4 6. 0-0 a6 7. Bc4 b5 8. Bd5 Rb8 9. d3 e6 10. Bb3 Ne7 11. Nxd4 cxd4 12. Ne2 d6 13. Qe1 0-0 14. Qf2 Qb6 15. Qh4 Qd8 16. Qf2 Qb6 17. Qh4 Qd8 18. Qf2 1/2-1/2

[Event "Antwerp World Uni op (Women)"]
[Site "Antwerp"]
[Date "2022.09.12"]
[Round "1"]
[White "Saayman, Anais"]
[Black "Sankova, Stella"]
[Result "0-1"]
[WhiteElo "1229"]
[BlackElo "2067"]
[PlyCount "68"]
[EventDate "2022.09.12"]
[EventType "swiss"]
[EventRounds "9"]
[EventCountry "BEL"]
[SourceTitle "CBM 210 Extra"]
[Source "ChessBase"]
[SourceDate "2022.11.30"]
[SourceVersion "1"]
[SourceVersionDate "2022.11.30"]
[SourceQuality "1"]

1. Nf3 d5 2. c4 e6 3. cxd5 exd5 4. e3 Nf6 5. Nc3 Bd6 6. Be2 0-0 7. 0-0 Re8 8. b3 Bf5 9. Bb2 h6 10. Nb5 Be7 11. d3 a6 12. Nc3 c5 13. d4 Nc6 14. dxc5 Bxc5 15. Na4 Ba7 16. Nd4 Bd7 17. Rc1 Qe7 18. Bc3 Ne4 19. Bb2 Rac8 20. Nc3 Nxd4 21. exd4 Nxc3 22. Rxc3 Rxc3 23. Bxc3 Qxe2 24. a4 Qxd1 25. Rxd1 Bf5 26. b4 Re2 27. b5 Rc2 28. Bb4 Bxd4 29. bxa6 bxa6 30. a5 Bxf2+ 31. Kf1 Be4 32. g3 Be3 33. h4 Bg2+ 34. Ke1 Bf2# 0-1

[Event "EU-ch (Women) 22nd"]
[Site "Prague"]
[Date "2022.08.28"]
[Round "8"]
[White "Markova, Karolina"]
[Black "Sankova, Stella"]
[Result "0-1"]
[WhiteElo "1635"]
[BlackElo "2067"]
[PlyCount "74"]
[EventDate "2022.08.20"]
[EventType "swiss"]
[EventRounds "11"]
[EventCountry "CZE"]
[SourceTitle "CBM 209 Extra"]
[Source "ChessBase"]
[SourceDate "2022.09.30"]
[SourceVersion "1"]
[SourceVersionDate "2022.09.30"]
[SourceQuality "1"]

1. e4 c5 2. Nc3 Nc6 3. g3 g6 4. Bg2 Bg7 5. d3 d6 6. f4 e6 7. Nf3 Nge7 8. 0-0 0-0 9. g4 f5 10. exf5 exf5 11. g5 d5 12. Ne2 d4 13. c4 dxc3 14. bxc3 Nd5 15. d4 cxd4 16. cxd4 Be6 17. Rb1 b6 18. Ne5 Rc8 19. Qa4 Nce7 20. Bd2 Qd6 21. Rfc1 a6 22. Rxc8 Bxc8 23. Bb4 Nxb4 24. Rxb4 b5 25. Qb3+ Be6 26. Qb1 Nd5 27. Bxd5 Bxd5 28. a4 Bxe5 29. fxe5 Qe7 30. h4 f4 31. Nc3 Bc4 32. Rb2 Qd7 33. Qd1 Qh3 34. Qe1 f3 35. Ne4 Qg4+ 36. Ng3 f2+ 37. Rxf2 Qxg3+ 0-1

[Event "EU-ch (Women) 22nd"]
[Site "Prague"]
[Date "2022.08.25"]
[Round "6"]
[White "Levitan, Ronit"]
[Black "Sankova, Stella"]
[Result "1-0"]
[WhiteElo "2158"]
[BlackElo "2067"]
[PlyCount "47"]
[EventDate "2022.08.20"]
[EventType "swiss"]
[EventRounds "11"]
[EventCountry "CZE"]
[SourceTitle "CBM 209 Extra"]
[Source "ChessBase"]
[SourceDate "2022.09.30"]
[SourceVersion "1"]
[SourceVersionDate "2022.09.30"]
[SourceQuality "1"]

1. e4 c5 2. c3 d5 3. exd5 Qxd5 4. d4 g6 5. Nf3 Bg7 6. Na3 cxd4 7. Bc4 Qe4+ 8. Be3 Nh6 9. cxd4 0-0 10. 0-0 Nf5 11. Qb3 e6 12. Rfe1 Nxe3 13. Rxe3 Qf4 14. d5 exd5 15. Bxd5 Nd7 16. Nc4 Nf6 17. Bxf7+ Rxf7 18. Nce5 Ng4 19. Nxf7 Qxf7 20. Re8+ Bf8 21. Rc1 Be6 22. Rxe6 Rd8 23. h3 Bh6 24. Rce1 1-0